000 01148nam a22002777a 4500
005 20121204152618.0
008 090408t xxu||||| |||| 00| 0 hin d
010 _aHIN-97560
020 _c200.00
_a9788188014590
035 _aHN-69906
037 _bDBAD / PUB
040 _aDPL
_bHN
082 _a305.4
100 _927482
_aचौहान, अनिता सिंह
245 _aबदलते परिवेश में स्त्री की प्रगतिः
_cअनिता सिंह चौहान
_bस्त्री विमर्श /
260 _bअखिल भारती
_c2012
_aदिल्ली
270 _a3014, चर्खेवालान
_bदिल्ली
_e110006
_k23947589
300 1 _a111पृ.
_c22सेमी (सजिल्द)
650 _91169
650 _954059
700 _927483
710 _952094
711 _952444
942 _adpl
_cHN
_2ddc
_mचौहान
_h305.4
999 _c71845
_d71845